Passenger cars 1913-23
Guardat en:
| Autor principal: | |
|---|---|
| Format: | Llibre |
| Idioma: | Undetermined |
| Publicat: |
London
Blandford Press
1972
|
| Matèries: | |
| Etiquetes: |
Afegir etiqueta
Sense etiquetes, Sigues el primer a etiquetar aquest registre!
|
| Thư viện lưu trữ: | Trung tâm Học liệu Trường Đại học Cần Thơ |
|---|
| LEADER | 00559nam a2200205Ia 4500 | ||
|---|---|---|---|
| 001 | CTU_104528 | ||
| 008 | 210402s9999 xx 000 0 und d | ||
| 020 | |c 2.5 | ||
| 082 | |a 629.2222 | ||
| 082 | |b N628 | ||
| 100 | |a Nicholson, T. R. | ||
| 245 | 0 | |a Passenger cars 1913-23 | |
| 245 | 0 | |c T. R. Nicholson ; John W. Wood (Illustrated by) | |
| 260 | |a London | ||
| 260 | |b Blandford Press | ||
| 260 | |c 1972 | ||
| 650 | |a Automobiles,Xe máy | ||
| 650 | |x History,Lịch sử | ||
| 904 | |i Truc | ||
| 980 | |a Trung tâm Học liệu Trường Đại học Cần Thơ | ||